000 00673nam a2200241 a 4500
999 _c10569
_d10569
001 10569
003 BD-JhCC
005 20180716192907.0
008 180716s19551953e a|||| || | 001 0 eng d
035 _a(BD-JhCC)10569
040 _aBD-JhCC
_dBD-JhCC
041 _aeng
082 _a507.12
_bCUR 1955
100 _aCurtis, Francis D.
245 _aDaily Life Science /
_cFrancis D. Curtis and George Greisen Mallinson
260 _aLondon :
_bGinn and Company Ltd,
_c1968.
300 _a570 p. :
_bill. ;
_c24 cm.
504 _aIncludes Index
650 _aScience
_xStudy and Teaching
700 _aMallinson, George Greisen
942 _2ddc
_cBK